Language Quiz

Random Language or Spanish Quiz

Spanish sports and fitness - Sra. Terrell Quiz Stats

 Plays Quiz not verified by Sporcle

Support Sporcle.
Go Orange.
Score 0/31 Timer 05:00
0 Plays Today
Hint Answer % Correct
netla red
84.2%
slowlento
84.2%
The World CupLa Copa Mundial
78.9%
fastrapido
78.9%
championshipel campeonato
76.3%
to competecompetir
76.3%
Ugh1Uy!
76.3%
The Olympic GamesLos Juegos Olimpicos
73.7%
bicycle racingel ciclismo
71.1%
Bravo!Bravo!
71.1%
The tour de Francela Vuelta a Francia
68.4%
activeactivo
63.2%
muscularmusculoso
63.2%
trackla pista
60.5%
to be tiedestar empatado
57.9%
prize; awardpremio
57.9%
Hint Answer % Correct
The Panamerican GamesLos Juegos Panamericanos
57.9%
to play on a teamjugar en equipo
55.3%
Come on!Dale
52.6%
Oh, Please!Ay, Por favor
50%
quicklyrapidamente
50%
uniformel uniforme
44.7%
healthysaludable
44.7%
slowlylentamente
42.1%
to exercisehacer ejercicio
36.8%
sportsman/sportswomandeportista
34.2%
to stay in shapemantenerse en forma
34.2%
competitionla competition
28.9%
to score a goalmetir un gol
28.9%
to follow a balanced dietseguir una dieta balanceada
26.3%
7.9%

You're not logged in!

Compare scores with friends on all Sporcle quizzes.
OR
Log In

From the Vault

Europe: That Doesn't Border Russia!

by christopherjulia

If you're Russian when you're going to the bathroom, and Finnish when you get out, what are you while you're in the bathroom?
Remove Ads.
Support Sporcle.
Get the best of Sporcle when you Go Orange. This ad-free experience offers more features, more stats, and more fun while also helping to support Sporcle. Thank you for becoming a member.

Show Comments

Extras

Created Feb 9, 2018ReportNominate
Tags:Spanish Quiz, fitness

Top Quizzes Today


Score Distribution

Your Account Isn't Verified!

In order to create a playlist on Sporcle, you need to verify the email address you used during registration. Go to your Sporcle Settings to finish the process.

Report this User

Report this user for behavior that violates our Community Guidelines.

Details: